000 01054cam a2200289 a 4500
999 _c234542
_d234542
001 1442172
003 Nust
005 20170322132302.0
008 850522m19009999ne a b 000 0 eng
010 _a 85011634
020 _a81-7754-156-0
040 _aDLC
_cDLC
_dDLC
050 0 0 _aQK731
_b.H64 1987
082 0 0 _a582/.03/1
_219
245 0 0 _aAgricultural biotechnology
_cby S.S. Purohit
260 _aJodhpur, India
_bAgrobios ( india )
_c2003
300 _av. 938 P :
_bill. ;
_c25 cm.
440 0 _aAdvances in agricultural biotechnology ;
_v<AAB 21 >
504 _aIncludes bibliographies.
650 0 _aPlant hormones.
650 0 _aGrowth (Plants)
_xRegulation.
650 0 _aPlants
_xDevelopment.
700 1 _aPurohit, S. S.
906 _a7
_bcbc
_corignew
_d1
_eocip
_f19
_gy-gencatlg
942 _2ddc
_cBK